Alfabetul chirilic românesc - Statistics

General Stats
  • This quiz has been taken 12 times
  • The average score is 35 of 40
Answer Stats
Literă % Correct
A A
100%
Ъ Ă
100%
Ѫ Â / Î
100%
Б B
100%
К C
100%
Ч C
100%
Д D
100%
Є / Е E
100%
Ф F
100%
Г G
100%
Џ G
100%
Х H
100%
И I
100%
Й I
100%
І I
100%
Ѵ I / V
100%
Ж J
100%
Л L
100%
М M
100%
Н N
100%
Ѻ / О O
100%
Ѡ O
100%
П P
100%
P R
100%
С S
100%
Ш Ș
100%
Т T
100%
Ц Ț
100%
Ѳ T
100%
Ѹ / Ꙋ U
100%
B V
100%
Ꙗ / Ѧ IA
50%
Ѥ IE
50%
ÎN / ÎM
50%
Ю IU
50%
Ѱ PS
50%
Ѯ X
50%
З Z
50%
Ѣ EA
0%
Щ ȘT
0%
No matching quizzes found
Score Distribution
Percent of People with Each Score
Percentile by Number Answered
Your Score History
You have not taken this quiz